000 00541nam a2200217Ia 4500
003 OSt
005 20220918192235.0
006 a|||||r|||| 00| 0
007 ta
008 220917b |||||||| |||| 00| 0 eng d
024 _a67,580
037 _cTextual
040 _aARTS
_cARTS
_beng
041 _2eng
_aeng
082 _aR3xM13:90Q6, J3
100 _aSpier J M
_978710
245 0 _aChristianity and existentialism
260 _c1953
942 _hR3xM13:90Q6, J3
_cTEXL
_2CC
999 _c193813
_d193813